LIBRARY & INFORMATION CENTRE, KCAET, TAVANUR

ONLINE PUBLIC ACCESS CATALOGUE (OPAC)

Practical physics / (Record no. 3254)

MARC details
000 -LEADER
fixed length control field 00532cam a2200217ua 4500
041 ## - LANGUAGE CODE
Language code of text/sound track or separate title eng
082 ## - DEWEY DECIMAL CLASSIFICATION NUMBER
Classification number 530
Item number WHI/PR
100 ## - MAIN ENTRY--AUTHOR NAME
Personal name White, Marsh W.
245 ## - TITLE STATEMENT
Title Practical physics /
250 ## - EDITION STATEMENT
Edition statement 2 /
260 ## - PUBLICATION, DISTRIBUTION, ETC. (IMPRINT)
Place of publication New York :
Name of publisher McGraw Hill Book Company ,
Year of publication 1955.
300 ## - PHYSICAL DESCRIPTION
Number of Pages ; .
650 ## - SUBJECT ADDED ENTRY--TOPICAL TERM
Topical Term Physics
700 1# - ADDED ENTRY--PERSONAL NAME
Personal name Manning, Kenneth V.
700 1# - ADDED ENTRY--PERSONAL NAME
Personal name Weber, Robert L.
942 ## - ADDED ENTRY ELEMENTS (KOHA)
Koha item type Books
Holdings
Withdrawn status Lost status Damaged status Home library Current library Date acquired Full call number Accession Number Koha item type Public note
Withdrawn     KAUAET KAUAET 07/04/2012 530 WHI/PR 5559 Books Deleted
free website counter